Vývoj zdrojov financovania rozvoja slovenských podnikov

Hospodárske výsledky nefinančných podnikov na Slovensku. Štruktúra financovania rozvoja podnikov. Vývoj bankových úverov v priemysle v rokoch 2000-2004. Vývoj úrokových sadzieb z bankových úverov. Vývoj priamych zahraničných investícií v SR. Vývoj úverov z hľadiska časového horizontu v rokoch 2000-2...

Descrizione completa

Salvato in:
Dettagli Bibliografici
Autore principale: Hyránek, Eduard, 1955-
Natura: Capitolo di libro
Lingua:slovacco
Soggetti:
Tags: Aggiungi Tag
Nessun Tag, puoi essere il primo ad aggiungerne!!

MARC

LEADER 00000naa$a2200000$$$4500
001 0036870
005 20240502071453.1
041 0 |a slo 
044 |a SK 
245 1 0 |a Vývoj zdrojov financovania rozvoja slovenských podnikov  |c Eduard Hyránek 
520 |a Hospodárske výsledky nefinančných podnikov na Slovensku. Štruktúra financovania rozvoja podnikov. Vývoj bankových úverov v priemysle v rokoch 2000-2004. Vývoj úrokových sadzieb z bankových úverov. Vývoj priamych zahraničných investícií v SR. Vývoj úverov z hľadiska časového horizontu v rokoch 2000-2004. 
610 2 0 |a financovanie podnikov 
610 2 0 |a zdroje finančné 
610 2 0 |a podnik 
610 2 0 |a Slovensko 
610 2 0 |a podnik priemyselný 
610 2 0 |a úver bankový 
610 2 0 |a investície priame zahraničné 
610 2 0 |a hospodárenie podnikové 
100 1 |a Hyránek, Eduard, 1955-